000 00938nam a2200265Ia 4500
003 OSt
005 20221005102922.0
006 a|||||r|||| 00| 0
007 ta
008 221004b |||||||| |||| 00| 0 hin d
020 _a9788180035130 (hbk)
024 _a14396
037 _bGift, 12/11/2014,
_cTextual
040 _aCRL
_cCRL
_bhin
041 _2hin
_ahin
082 _aO152,1N3311x, Q4
100 _aअग्निहोत्री, प्रेम नारायण
_9623608
245 0 _aभावा´लि
246 _aBhāvā´li
260 _aइलाहाबाद
_bअर्चना पब्लिकेशन भारत
_c2014
300 _a184पृ0
_ccm.
650 _aहिन्दी साहित्य
942 _hO152,1N3311x, Q4
_cTEXL
_2cc
999 _c1009103
_d1009103